Fisonomias / poesía
保存先:
| 第一著者: | |
|---|---|
| フォーマット: | 図書 |
| 言語: | Spanish |
| 出版事項: |
Quito:
IADAP,
1993.
|
| シリーズ: | Creaciones literarias. Poesía
2 |
| 主題: | |
| タグ: |
タグ追加
タグなし, このレコードへの初めてのタグを付けませんか!
|
MARC
| LEADER | 00000cam a22000007b 4500 | ||
|---|---|---|---|
| 001 | bimo0000505273 | ||
| 003 | SpMaBN | ||
| 005 | 20180601085928.0 | ||
| 008 | 960911s1993 ec | ||| ||spa | ||
| 020 | |a 9978600116 | ||
| 040 | |a SpMaBN |b spa |c SpMaBN | ||
| 041 | 0 | |a spa | |
| 082 | 0 | 4 | |a E861.44 |b Z39f |
| 100 | 1 | |a Zavala Guzmán, Simón |d 1943- | |
| 245 | 1 | 0 | |a Fisonomias / |h [Texto impreso] : |b poesía |c Simón Zavala Guzmán |
| 260 | 1 | |a Quito: |b IADAP, |c 1993. | |
| 300 | |a 101 páginas |c 17 cm | ||
| 490 | 0 | |a Creaciones literarias. Poesía |v 2 | |
| 500 | |a Donación Adriano Corrales | ||
| 650 | 1 | 7 | |a LITERATURA ECUATORIANA |v POESIA |
| 942 | |2 ddc |c BK | ||
| 956 | |a 1 | ||
| 999 | |c 22018 |d 22018 | ||



